| 000 | 00000nam##2200000za#4500 |
| 001 | 9.688155 |
| 003 | CaOODSP |
| 005 | 20210624231309 |
| 007 | cr ||||||||||| |
| 008 | 150407|2006||||xxc|||||o f|0| 0 eng|d |
| 020 | |a0-662-42756-4 |
| 040 | |aCaOODSP|beng |
| 043 | |an-cn--- |
| 086 | 1 |aSW21-135/2006E-PDF |
| 110 | 1 |aCanada. |bStatus of Women Canada. |
| 245 | 10|aGender and trade : |h[electronic resource]|ba policy research dialogue on mainstreaming gender into trade policies |
| 260 | |aOttawa - Ontario : |bStatus of Women Canada |c2006. |
| 300 | |a71p. |
| 520 | 3 |aOn March 21, 2005, Status of Women Canada organized a workshop on gender and trade inviting the researchers, federal government policy makers and representatives of the civil society to a policy research dialogue. The proceedings of this workshop are included in this report. |
| 590 | |a06-20|b2006-05-19 |
| 590 | |a06-10-Supp|b2006-12-15 |
| 690 | 07|aConferences|2gcpds |
| 690 | 07|aGender equality|2gcpds |
| 690 | 07|aInternational trade|2gcpds |
| 690 | 07|aSocial policy|2gcpds |
| 690 | 07|aStatus of women|2gcpds |
| 690 | 07|aTrade agreements|2gcpds |
| 690 | 07|aTrade policy|2gcpds |
| 775 | 08|tL'égalité des sexes et le commerce : |w(CaOODSP)9.632588 |
| 776 | 0#|tGender and trade : |w(CaOODSP)9.667321 |
| 776 | 0#|tL'égalité des sexes et le commerce : |w(CaOODSP)9.667322 |
| 856 | 40|ahttp://publications.gc.ca|qPDF|s433 KB|uhttps://publications.gc.ca/collections/Collection/SW21-135-2006E.pdf |